书目信息 |
| 题名: |
机械基础实验教程
|
|
| 作者: | 朱文坚 , 谢小鹏 , 黄镇昌 编著 | |
| 分册: | ||
| 出版信息: | 北京 科学出版社 2005.4 |
|
| 页数: | 337页 | |
| 开本: | 24cm | |
| 丛书名: | ||
| 单 册: | ||
| 中图分类: | TH11-33 | |
| 科图分类: | ||
| 主题词: | 机械学--ji xie xue--实验--高等学校--教材 , 机械学--ji xie xue | |
| 电子资源: | ||
| ISBN: | 7-03-015024-4 | |
| 000 | 01001nam0 2200289 45 | |
| 001 | 012005000000 | |
| 005 | 20051207092454.52 | |
| 010 | @a7-03-015024-4@dCNY28.00 | |
| 100 | @a20050711d2005 em y0chiy0121 ea | |
| 101 | 0 | @achi |
| 102 | @aCN@b110000 | |
| 105 | @af z 000yy | |
| 200 | 1 | @a机械基础实验教程@Aji xie ji chu shi yan jiao cheng@f朱文坚,谢小鹏,黄镇昌编著 |
| 210 | @a北京@c科学出版社@d2005.4 | |
| 215 | @a337页@c图@d24cm | |
| 300 | @a高等学校教材 | |
| 320 | @a有书目 | |
| 330 | @a本书共9章,主要内容包括:实验基础知识:介绍机械基础实验的基本知识;机械基础实验内容:机械组成的认识实验;拓展实验内容:机械创新设计实验等。 | |
| 333 | @a阅读对象:高等院校相关专业师生等 | |
| 606 | 0 | @a机械学@Aji xie xue@x实验@x高等学校@j教材 |
| 606 | 0 | @a机械学@Aji xie xue |
| 690 | @aTH11-33@v4 | |
| 701 | 0 | @a朱文坚@Azhu wen jian@4编著 |
| 701 | 0 | @a谢小鹏@Axie xiao peng@4编著 |
| 701 | 0 | @a黄镇昌@Ahuang zhen chang@4编著 |
| 801 | 0 | @aCN@bSRXX@c20051207 |
| 905 | @a10447@dTH11-33@eZ880 | |
| 机械基础实验教程/朱文坚,谢小鹏,黄镇昌编著.-北京:科学出版社,2005.4 |
| 337页:图;24cm |
| 高等学校教材.-使用对象:阅读对象:高等院校相关专业师生等 |
| ISBN 7-03-015024-4:CNY28.00 |
| 本书共9章,主要内容包括:实验基础知识:介绍机械基础实验的基本知识;机械基础实验内容:机械组成的认识实验;拓展实验内容:机械创新设计实验等。 |
| ● |
| 相关链接 |
|
|
|
正题名:机械基础实验教程
索取号:TH11-33/Z880
 
预约/预借
| 序号 | 登录号 | 条形码 | 馆藏地/架位号 | 状态 | 备注 |
| 1 | 545434 | 205454346 | 自科库501/501自科库 31排4列3层/ [索取号:TH11-33/Z880] | 在馆 | |
| 2 | 545435 | 205454355 | 自科二线504/504自科库 40排1列2层/ [索取号:TH11-33/Z880] | 在馆 | |
| 3 | 545436 | 205454364 | 自科库501/501自科库 31排4列3层/ [索取号:TH11-33/Z880] | 在馆 |